000 00663nam a22002297a 4500
003 UA-OsUOA
001 75760
007 ta
008 20110530b un ||||| |||| 00| 0 ukr d
090 _a7.071.1(477)(092)
_bО-53
942 _cBK
040 _aUA-OsUOA
_bukr
_cUA-OsUOA
_dUA-OsUOA
245 _aОлександр Саєнко: мистецька спадщина і сучасність
300 _a320 с.
955 _a2
041 _aukr
080 _a7.071.1(477)(092)
020 _a978-966-2931-12-9
260 _aК.
_bКомпанія ЛІК
_c2009
650 7 _a7.0 Загальні питання мистецтва
_2UDC
999 _c362057
_d362057